[Event "Ankara Ipek Memorial 8th"]
[Site "Ankara"]
[Date "2020.03.04"]
[Round "1"]
[White "Celik, Berkay"]
[Black "Erdem, Emirhan"]
[Result "1/2-1/2"]
[WhiteElo "1870"]
[BlackElo "1281"]
[PlyCount "158"]
[EventDate "2020.03.04"]
[EventType "swiss"]
[EventRounds "7"]
[EventCountry "TUR"]
[SourceTitle "CBM 195 Extra"]
[Source "ChessBase"]
[SourceDate "2020.05.31"]
[SourceVersion "1"]
[SourceVersionDate "2020.05.31"]
[SourceQuality "1"]

1. d4 d5 2. c4 e6 3. Nc3 Nf6 4. Bg5 Be7 5. Nf3 h6 6. Bh4 0-0 7. e3 Nbd7 8. Bd3 c5 9. 0-0 b6 10. Rc1 Bb7 11. Ne5 Nxe5 12. dxe5 Nd7 13. Bxe7 Qxe7 14. f4 a6 15. cxd5 exd5 16. Bf5 d4 17. exd4 cxd4 18. Qxd4 Nc5 19. b4 Rad8 20. Qe3 Ne6 21. Qxb6 Rd2 22. Bh3 Rfd8 23. a3 R8d3 24. g3 Nd4 25. Rf2 Nf3+ 26. Rxf3 Rxf3 27. Nb1 Rb2 28. Qd4 Rff2 29. Qxf2 Rxf2 30. Kxf2 Qd8 31. Ke2 Qd5 32. Nd2 a5 33. Ke3 axb4 34. axb4 Qb5 35. Rc4 Qb6+ 36. Rd4 Qc7 37. Bf5 g6 38. Bd3 Qe7 39. Ne4 g5 40. Nc5 Bg2 41. Rd7 gxf4+ 42. gxf4 Qh4 43. b5 Qe1+ 44. Kd4 Qb4+ 45. Bc4 Qb2+ 46. Ke3 Qc3+ 47. Bd3 Qxc5+ 48. Ke2 Bh3 49. Rd6 Bg4+ 50. Kd2 Qb4+ 51. Ke3 Qe1+ 52. Kd4 Qf2+ 53. Kc3 Qxf4 54. Rd5 Qc1+ 55. Kb4 Qb2+ 56. Kc5 Be6 57. Rd4 Qa3+ 58. Kb6 Qc3 59. Rd8+ Kg7 60. Ka6 Qa3+ 61. Kb6 Qe7 62. Rd6 f6 63. exf6+ Kxf6 64. Rc6 Qd8+ 65. Ka7 Qxd3 66. b6 Qa3+ 67. Kb8 Qf8+ 68. Ka7 Qe7+ 69. b7 Kf7 70. Kb6 Qd8+ 71. Ka7 Bd5 72. Rxh6 Qa5+ 73. Ra6 Qc7 74. Rb6 Bc6 75. Rxc6 Qxc6 76. b8Q Qa4+ 77. Kb7 Qb5+ 78. Kc7 Qxb8+ 79. Kxb8 Kg6 1/2-1/2